| 000 | 00377nam a2200121Ia 4500 | ||
|---|---|---|---|
| 008 | 190813s9999 xx 000 0 und d | ||
| 020 | _a9781138648364 | ||
| 245 |
_cEdited by Victoria Galbraith.-- _aCounselling psychology / |
||
| 260 |
_aNew York : _bRoutledge _c2018 |
||
| 300 | _a259 pages. | ||
| 500 | _aIncluded bibliographical references and index. | ||
| 650 | _aCounselling. | ||
| 999 |
_c362056 _d362056 |
||